Software engineering & quality assurarance / (Record no. 122525)
[ view plain ]
| 000 -LEADER | |
|---|---|
| fixed length control field | 00765nam a22002417a 4500 |
| 005 - DATE AND TIME OF LATEST TRANSACTION | |
| control field | 20170124105911.0 |
| 010 ## - LIBRARY OF CONGRESS CONTROL NUMBER | |
| LC control number | B-164148 |
| 020 ## - INTERNATIONAL STANDARD BOOK NUMBER | |
| Terms of availability | 270.00 |
| International Standard Book Number | 9788183330145 |
| 035 ## - SYSTEM CONTROL NUMBER | |
| System control number | B-164148 |
| 037 ## - SOURCE OF ACQUISITION | |
| Source of stock number/acquisition | Cen Lib / Ret |
| 040 ## - CATALOGING SOURCE | |
| Original cataloging agency | DPL |
| Language of cataloging | EN |
| 082 ## - DEWEY DECIMAL CLASSIFICATION NUMBER | |
| Classification number | 005.1 |
| Item number | SHE |
| 100 ## - MAIN ENTRY--PERSONAL NAME | |
| Personal name | Shet, K. Chandrashekhar |
| 9 (RLIN) | 74 |
| 245 ## - TITLE STATEMENT | |
| Title | Software engineering & quality assurarance / |
| Statement of responsibility, etc | by K. Chandrashekhar Shet [and] D. Anand Mohan |
| 260 ## - PUBLICATION, DISTRIBUTION, ETC. (IMPRINT) | |
| Place of publication, distribution, etc | New Delhi |
| Name of publisher, distributor, etc | BPB Publications |
| Date of publication, distribution, etc | 2005 |
| 270 ## - ADDRESS | |
| Address | B-14,Connaught place |
| City | New Delhi |
| Postal code | 110001 |
| 300 ## - PHYSICAL DESCRIPTION | |
| Extent | xii,467p. |
| Dimensions | 23cm (pbk) |
| 500 ## - GENERAL NOTE | |
| General note | Inculdes index |
| 650 ## - SUBJECT ADDED ENTRY--TOPICAL TERM | |
| Topical term or geographic name as entry element | Computer science |
| 9 (RLIN) | 105646 |
| 650 ## - SUBJECT ADDED ENTRY--TOPICAL TERM | |
| Topical term or geographic name as entry element | Software engineering |
| 9 (RLIN) | 78 |
| 700 ## - ADDED ENTRY--PERSONAL NAME | |
| Personal name | Mohan, Anand |
| 9 (RLIN) | 105647 |
| 942 ## - ADDED ENTRY ELEMENTS (KOHA) | |
| Source of classification or shelving scheme | Dewey Decimal Classification |
| Koha item type | English Books |
| Classification part | 005.1 |
| Call number suffix | SHE |
| Withdrawn status | Lost status | Damaged status | Not for loan | Collection code | Home library | Current library | Date acquired | Source of acquisition | Cost, normal purchase price | Total Checkouts | Full call number | Barcode | Date last seen | Copy number | Cost, replacement price | Price effective from | Koha item type |
|---|---|---|---|---|---|---|---|---|---|---|---|---|---|---|---|---|---|
| Not For Loan | Reference | Central Library | Central Library | 27/05/2015 | Cen Lib/Ret | 270.00 | 005.1 SHE | B-164148 | 27/05/2015 | 1 | 270.00 | 27/05/2015 | English Books |
